| 000 | 00510nam a22001337a 4500 | ||
|---|---|---|---|
| 008 | 230403b |||||||| |||| 00| 0 eng d | ||
| 040 |
_aNational Science Library _cNational Science Library |
||
| 080 |
_a061.6 _bM9 |
||
| 245 |
_aresearch & development funding schemes of central government departments and agencies: _bGeneral Information _c/ Ministry of science & Technology |
||
| 260 |
_aNew Delhi: _b/ Ministry of science & Technology _c1989 |
||
| 300 | _a95p. | ||
| 650 | _aAtomic energy | ||
| 942 |
_2udc _cBK |
||
| 999 |
_c18080 _d18080 |
||